Win the South African Presidential Election! - Statistics

General Stats
  • This quiz has been taken 278 times
  • The average score is 25 of 59
Answers on the Map
Answers color-coded by a green-red scale on the quiz's map according to % correct below.
 
Answer Stats
Provinces % Correct
Western Cape
68%
Western Cape
68%
Western Cape
68%
Western Cape
68%
Western Cape
68%
Western Cape
68%
Western Cape
68%
Eastern Cape
55%
Eastern Cape
55%
Eastern Cape
55%
Eastern Cape
55%
Eastern Cape
55%
Eastern Cape
55%
Northern Cape
51%
Gauteng
44%
Gauteng
44%
Gauteng
44%
Gauteng
44%
Gauteng
44%
Gauteng
44%
Gauteng
44%
Gauteng
44%
Gauteng
44%
Gauteng
44%
Gauteng
44%
Gauteng
44%
Gauteng
44%
Gauteng
44%
Gauteng
44%
Gauteng
44%
KwaZulu-Natal
44%
KwaZulu-Natal
44%
KwaZulu-Natal
44%
KwaZulu-Natal
44%
KwaZulu-Natal
44%
KwaZulu-Natal
44%
KwaZulu-Natal
44%
KwaZulu-Natal
44%
KwaZulu-Natal
44%
KwaZulu-Natal
44%
KwaZulu-Natal
44%
Free State
40%
Free State
40%
Free State
40%
Limpopo
27%
Limpopo
27%
Limpopo
27%
Limpopo
27%
Limpopo
27%
Limpopo
27%
Mpumalanga
25%
Mpumalanga
25%
Mpumalanga
25%
Mpumalanga
25%
Mpumalanga
25%
North West
15%
North West
15%
North West
15%
North West
15%
No matching quizzes found
Score Distribution
Percent of People with Each Score
Percentile by Number Answered
Your Score History
You have not taken this quiz